[Event "Final Argentina Superior 2006"]
[Site "?"]
[Date "2006.04.26"]
[Round "1.1"]
[White "Campora, Daniel"]
[Black "Valerga, Diego"]
[Result "1/2-1/2"]
[WhiteElo "2552"]
[BlackElo "2470"]
[Annotator "de Dovitiis Alejo"]
[PlyCount "33"]
[EventDate "2006.??.??"]

1. e4 c5 2. Nf3 e6 3. Nc3 {Campora elude la continuacion principal} (3. d4)
3... a6 4. g3 d6 5. Bg2 Nf6 6. O-O Be7 7. d4 {Las blancas cambian a una
variante abierta de la defensa Siciliana con el fiancheto blanco donde el gran
maestro argentino conductor de las blancas ha obtenido importantes triunfos.}
7... cxd4 8. Nxd4 O-O 9. a4 (9. f4 Qc7 10. g4 Nc6 11. Nxc6 bxc6 12. g5 Nd7 13.
f5 Re8 14. f6 Bf8 {aca se puede buscar en las bases las partidas del gran
maestro nicoleno vs. Timman y Suba.}) 9... Qc7 10. f4 ({RR} 10. g4 Nc6 11. g5
Nxd4 12. Qxd4 Nd7 13. Kh1 b6 14. f4 Bb7 15. f5 Rfe8 16. Qf2 Ne5 17. Bf4 Bf8 18.
g6 fxg6 19. Bxe5 dxe5 20. fxg6 hxg6 21. Qg3 Bc5 22. Qxg6 Qe7 23. Bh3 Be3 24.
Rf3 Bf4 {Serper,G-Agdestein,S/Baguio City 1987/EXT 97/1/2-1/2 (62)}) 10... Nc6
11. Nxc6 $5 $146 {Campora, un especialista en este esquema, ha jugado este
esquema pero sin la jugada a4, lo que resta fuerza a su variante.} ({RR} 11.
Kh1 Rb8 12. Be3 Na5 13. Bg1 Bd7 14. Qe2 Nc4 15. b3 Na5 16. Nd1 b5 17. axb5 axb5
18. Ne3 b4 19. Rfd1 Rfc8 20. g4 g6 21. Bf3 e5 22. g5 exd4 23. gxf6 Bb5 24. Qe1
dxe3 25. fxe7 Nc6 {Kowalczuk,W-Meinert,T/Swidnica 1999/EXT 2001/1-0 (47)}) ({RR
} 11. Nb3 Nd7 ({RR} 11... Rd8 12. Be3 d5 13. e5 Nd7 14. a5 b6 15. Ne2 bxa5 16.
Ned4 a4 17. Rxa4 Nb6 18. Nxc6 Qxc6 19. Ra2 Nc4 20. Bf2 Qc7 21. Qd4 Bd7 22. Nc5
Bxc5 23. Qxc5 Qxc5 24. Bxc5 Rdc8 25. b4 Bb5 26. Rd1 {
De Jonghe,B-Maenhout,T/Belgium BEL 2005/The Week in Chess 575/1/2-1/2 (63)})
12. Be3 b6 13. g4 Bb7 14. g5 Rfe8 15. Qd2 Bf8 16. Qf2 Nb4 17. Rad1 Rac8 18. Rd2
Qb8 19. Bxb6 Ba8 20. Ba7 Qb7 21. Na5 Qc7 22. Nb3 Qb7 23. Na5 Qc7 24. Nb3 {
1/2-1/2 Andersson,J-Eriksson,M/Sweden SWE 2005 (24)}) 11... bxc6 12. g4 d5 $1
13. g5 Nxe4 14. Nxe4 dxe4 15. Bxe4 Rb8 16. b3 f5 17. gxf6 {Diagrama # Ante la
inminencia de las complicaciones las blancas ofrecieron tablas.} 1/2-1/2

[Event "Final Argentina Superior 2006"]
[Site "?"]
[Date "2006.04.26"]
[Round "1.2"]
[White "Ricardi, Pablo"]
[Black "Felgaer, Ruben"]
[Result "1/2-1/2"]
[WhiteElo "2515"]
[BlackElo "2580"]
[Annotator "de Dovitiis Alejo"]
[PlyCount "38"]
[EventDate "2006.??.??"]

1. c4 {. La ultima tendencia en el juego de Ricardi.} 1... e5 2. Nc3 c5 $5 {
Un orden de movidas extrano pero jugable que recuerdo que utilizo con exito el
MI Lafuente vs. el GM Gulko en el Continental de las Americas 2003.} 3. g3 Nc6
4. Bg2 g6 5. e3 d6 6. Nge2 {Las blancas usan un esquema cauteloso pero
interesante para dominar la casilla d5.} 6... Bg7 7. O-O Nge7 8. a3 O-O 9. Rb1
{Las blancas van por b4.} 9... Be6 10. Nd5 Bf5 11. d3 Nxd5 12. cxd5 Ne7 13. b4
b6 $146 ({RR} 13... c4 14. e4 cxd3 15. Qxd3 Bd7 16. b5 f5 17. Bg5 Bf6 18. Bh6
fxe4 19. Bxe4 Rf7 20. a4 Bg7 21. Bd2 Bh3 22. Rfc1 Qf8 23. f3 Bf5 24. Rc7 Bxe4
25. Qxe4 Nf5 26. Rbc1 Re8 27. Kg2 Bh6 28. Bxh6 {
Iordachescu,V-Moldovan,D/Calimanesti 1999/CBM 070/1/2-1/2 (42)}) 14. Nc3 (14.
bxc5 $5 {era digna de consideracion.}) 14... Rc8 15. Bb2 c4 {
Una idea interesante que cierra la columna b para las blancas.} 16. e4 Bd7 17.
dxc4 Rxc4 18. Re1 f5 19. Qb3 Rc8 {Diagrama #} 1/2-1/2

[Event "Final Argentina Superior 2006"]
[Site "?"]
[Date "2006.04.26"]
[Round "1.3"]
[White "Perelman, Hernan"]
[Black "Amura, Claudia"]
[Result "1/2-1/2"]
[WhiteElo "2211"]
[BlackElo "2368"]
[Annotator "de Dovitiis Alejo"]
[PlyCount "68"]
[EventDate "2006.??.??"]

1. c4 c6 2. d4 Nf6 3. Nf3 d5 4. Qc2 {Perelman quiere retornar a su predilecta
apertura Catalana pero Claudia tiene otros planes:} 4... g6 $5 {Un buen orden
contra los jugadores de Catalana que lleva el asunto hacia una defensa
Grunfeld de la cual Amura es adepta desde nina.} 5. Bf4 dxc4 6. Qxc4 Bg7 7. e3
O-O 8. Be2 ({RR} 8. Nbd2 Be6 9. Qc1 Nbd7 10. Bc4 Bf5 11. O-O Rc8 12. Re1 b5 13.
Bf1 c5 14. Qd1 cxd4 15. Nxd4 Bg4 16. N4f3 Nd5 17. h3 Be6 18. Rb1 Nxf4 19. exf4
Qb6 20. Nb3 Nc5 21. Nxc5 Rxc5 22. b3 Rfc8 {
Wojtkiewicz,A-Shabalov,A/San Diego USA 2006/1/2-1/2 (44)}) 8... Be6 9. Qc1 Nbd7
10. Nc3 Nd5 $5 $146 ({RR} 10... c5 11. O-O Nd5 12. Nxd5 Bxd5 13. dxc5 Rc8 14.
b4 a5 15. a3 axb4 16. axb4 Bxa1 17. Qxa1 Re8 18. Rd1 e6 19. Bb5 Ra8 20. Qd4 Bc6
21. Bxc6 bxc6 22. h4 Nf8 23. Bd6 h5 24. Ne5 Ra6 25. Qe4 Qa8 26. Qf3 Qb7 27. b5
Ra7 28. bxc6 Qa8 29. Qf4 Qd8 30. Qf3 Nh7 31. c7 Qxh4 {
1-0 Pert,N-Mastrovasilis,D/Patras 2001/CBM 083 ext (31)}) 11. Bg3 c5 {
Amura busca la iniciativa basada en la mala colocacion de la dama blanca en c1.
} 12. O-O Rc8 13. Rd1 cxd4 14. Nxd4 Nxc3 15. bxc3 Bc4 {Las negras quieren
bloquear al peon retrasado y aislado de c3 pero hay tener cuidado con el
contrajuego en la columna d de las blancas.} 16. Bf3 e5 17. Nb3 Qc7 18. Qa3 b6
19. Rac1 Rfd8 $15 {Las negras van emplazando sus piezas en forma efectiva y el
blanco, aparte de la debilidad en c3, tiene mal colocada la dama en a3.} 20.
Bh4 Nf6 21. Nd2 Bd5 22. Be2 Qc6 23. Bf1 Bf8 24. Qa6 Be7 25. h3 Rc7 26. Bg3 Qe6
27. c4 Bb7 28. Qa4 Rcd7 29. Nf3 Bc6 30. Qb3 Rxd1 {Diagrama #} 31. Rxd1 Rxd1 32.
Qxd1 Bd6 33. Ng5 Qe7 34. Be2 Bc5 1/2-1/2

[Event "Final Argentina Superior 2006"]
[Site "?"]
[Date "2006.04.26"]
[Round "1.4"]
[White "Blit, Jacques"]
[Black "Mahia, Gustavo"]
[Result "1-0"]
[WhiteElo "2246"]
[BlackElo "2427"]
[Annotator "de Dovitiis Alejo"]
[PlyCount "77"]
[EventDate "2006.??.??"]

1. Nf3 Nf6 2. c4 g6 3. g3 Bg7 4. Bg2 O-O 5. d4 {
Ahora las negras deben mostrar sus cartas.} 5... d6 {
La defensa India de Rey esta en el repertorio selecto del jugador de Pehuajo.}
6. O-O Nc6 7. Nc3 a6 8. e4 Rb8 9. Rb1 (9. d5 $5 {
Era interesante para poner a prueba el orden usado por las negras.}) 9... b5
10. cxb5 axb5 11. b4 e5 12. d5 Ne7 13. a4 $146 {El blanco quiere activar el
ala dama antes que el negro haga lo propio en el sector opuesto.} ({RR} 13. Qd3
Bd7 14. Nd2 h6 15. f3 Nh5 16. a4 bxa4 17. b5 f5 18. Ba3 Nc8 19. Nc4 fxe4 20.
fxe4 Qe8 21. Na5 Nb6 22. Rb2 Rxf1+ 23. Bxf1 Bf6 24. Nd1 Kh7 25. Rc2 Rc8 26. Nb2
Bg5 27. Nc6 Qf7 {Maiwald,J-Zoler,D/Singapore 1990/EXT 97/1/2-1/2 (59)}) 13...
bxa4 14. b5 Ra8 15. Nd2 Nd7 16. Nxa4 f5 17. f3 Nf6 18. Nc4 Bd7 19. Nc3 Nc8 {
Las negras cuidan su flanco dama de la ruptura b6 de las blancas.} 20. Be3 $6 (
20. Qb3) 20... fxe4 21. fxe4 Ng4 {Un salto molesto.} 22. Bd2 Rxf1+ 23. Qxf1 Bh6
24. Bxh6 Nxh6 25. Bh3 $1 {
Las blancas imitan al negro en cuanto a canjear su alfil malo.} 25... Bxh3 $6 (
25... Nb6 $5 26. Bxd7 Qxd7 27. Nxb6 cxb6 $11) 26. Qxh3 Nf7 {El blanco parece
haber recuperado la toma de la iniciativa y su dama puede irrumpir por las
casillas blancas.} 27. Qe6 Kg7 28. h4 Qe7 29. Qxe7 Nxe7 30. Kf2 Ng8 31. Ke3 Nf6
32. Kd3 Nd7 33. Nd2 Nh6 34. Nf3 Nc5+ 35. Kd2 Rb8 36. Ng5 Ng4 37. Rf1 Nf6 38.
Ne6+ Nxe6 39. dxe6 {Diagrama #} 1-0

[Event "Final Argentina Superior 2006"]
[Site "?"]
[Date "2006.04.26"]
[Round "1.5"]
[White "Peralta, Fernando"]
[Black "Malbran, Guillermo"]
[Result "1-0"]
[WhiteElo "2524"]
[BlackElo "2308"]
[Annotator "de Dovitiis Alejo"]
[PlyCount "109"]
[EventDate "2006.??.??"]

1. Nf3 d6 2. d4 Bg4 {Un variante extrana pero jugable, usado en los 90 en
nuestro medio por los grandes maestros Spnagenberg y Slipak.} 3. c4 {
Peralta pasa al peon dama cual su costumbre. Se podia pasar al peon rey con:} (
3. e4) 3... Nf6 4. Nc3 c6 5. e4 Nbd7 (5... e6 {Era la jugada convencional.}) 6.
Be2 c5 $6 $146 {
Una reaccion incompatible con el esquema utilizado por las negras.} ({RR} 6...
Bxf3 7. Bxf3 e5 8. Be3 Be7 9. O-O h6 10. Rc1 Nf8 11. Be2 Ng6 12. dxe5 dxe5 13.
Qb3 Qc7 14. c5 O-O 15. Rfd1 Nf4 16. Qc4 a5 17. f3 Nd7 18. g3 Ne6 19. Na4 Bg5
20. Bxg5 hxg5 21. Kg2 {Rellstab,L-Sandor,B/Beverwijk 1963/MCD/0-1 (42)}) ({RR} 
6... e6 7. O-O Be7 8. Be3 O-O 9. Rc1 Bh5 10. h3 Bg6 11. Nd2 d5 12. cxd5 exd5
13. e5 Ne8 14. f4 f5 15. exf6 Ndxf6 16. f5 Bf7 17. Nf3 Nd6 18. Ne5 Nfe4 19. Bd3
Bg5 20. Qf3 Nd2 21. Bxd2 {Pikaso-patterncircular/Dos Hermanas 2003/1-0 (31)}) (
{RR} 6... g6 7. Be3 ({RR} 7. Ng1 Bxe2 8. Ngxe2 Bg7 9. O-O O-O 10. Ng3 Ne8 11.
Be3 e5 12. f4 exf4 13. Rxf4 Nc7 14. Rf2 d5 15. cxd5 cxd5 16. e5 f6 17. exf6
Nxf6 18. Bf4 Qd7 19. Be5 Ne6 20. h3 Rf7 21. Qd3 Raf8 22. Raf1 Ne8 23. Rxf7 Rxf7
24. Rxf7 Kxf7 25. Qf3+ Kg8 26. Bxg7 Kxg7 27. Nge2 Nf6 28. Qg3 Qc7 29. Qe5 Qxe5
30. dxe5 Nd7 31. Nxd5 {
1/2-1/2 Plachetka,J-Lebredo,G/Hradec Kralove 1981/MCD (31)}) 7... Bxf3 ({RR} 
7... Bg7 8. Qd2 O-O 9. O-O Ne8 10. h3 Bxf3 11. Bxf3 Nc7 12. Rad1 Qe8 13. Be2
Rd8 14. f4 e6 15. c5 d5 16. e5 Qe7 17. b4 f6 18. a4 b6 19. Rb1 bxc5 20. bxc5
Nxc5 21. dxc5 d4 22. Bxd4 {
Frey Beckman,K-Lebredo,G/Bayamo 1983/MCD/1/2-1/2 (58)}) 8. Bxf3 Bg7 9. O-O O-O
10. Rc1 e5 11. d5 c5 12. Kh1 Kh8 13. Qb3 b6 14. Qa4 Ne8 15. Bg4 f5 16. Bh3 Rf7
17. exf5 gxf5 18. f3 Nf8 19. Qc2 Qf6 20. Ne2 Qg6 21. Bd2 {
Gomez Esteban,J-Campora,D/Merida ESP 2005/The Week in Chess 554/1-0 (50)}) 7.
d5 {Ahora a las negras les vas a costar un poco tener reaccion en el centro
del tablero.} 7... g6 8. Ng5 h6 $2 {Diagrama # Incomprensible entrega de peon.
El negro esta peor pero no parecia necesario el sacrificio de un infante.} (
8... Bxe2 9. Qxe2 Bg7) 9. Bxg4 hxg5 10. Bxg5 Nxg4 11. Qxg4 Bg7 12. Bd2 $16 a6
13. O-O Qc7 14. Rab1 Ne5 15. Qe2 Nd7 16. a3 Bd4 17. Nd1 Rb8 18. Ne3 (18. Bc3 {
Parecia mas razonable.}) 18... Be5 19. f4 Bd4 20. Bc3 $6 {El blanco debilita
sus peones para eliminar al molesto alfil pero a cambio de danar sus peones.}
20... Bxc3 21. bxc3 Qa5 22. Rb3 Kf8 23. Ng4 Qc7 24. Rbb1 Rh5 25. Rbe1 Kg7 26.
e5 dxe5 27. fxe5 Rbh8 28. h3 e6 29. Qe4 Rf5 30. d6 Qc6 31. Qxc6 bxc6 32. Rb1
Rd8 33. Rb7 g5 34. Ra7 Kg6 35. Re1 Rf4 36. Rxa6 Rxc4 37. Re3 Rb8 38. Ra7 Nb6
39. Rf3 Rf4 40. Rxf4 gxf4 41. a4 c4 42. a5 Nd5 43. a6 Nxc3 44. Rb7 Ra8 45. d7
Nb5 46. Kf2 c3 47. Ke2 Nd4+ 48. Kd3 c2 49. Kd2 c5 50. a7 c4 51. Rc7 Rd8 52. Nf6
f3 53. gxf3 Nxf3+ 54. Kxc2 Nxe5 55. Rc8 {Diagrama #} 1-0

[Event "Final Argentina Superior 2006"]
[Site "?"]
[Date "2006.04.27"]
[Round "2.1"]
[White "Mahia, Gustavo"]
[Black "Peralta, Fernando"]
[Result "0-1"]
[WhiteElo "2427"]
[BlackElo "2524"]
[Annotator "de Dovitiis Alejo"]
[PlyCount "106"]
[EventDate "2006.??.??"]

1. e4 d6 2. d4 Nf6 3. Nc3 g6 4. f4 {Las blancas plantean el agresivo ataque
Austriaco frente a la defensa Pirc producida por las negras.} 4... Bg7 5. Nf3
O-O 6. Be3 {Una linea de moda, que se le ha visto varias veces al GM Beliavsky.
La preferida de otro especialista de la variante como era el genial Bobby
Fischer era:} (6. Bd3) (6. e5 {
es para espiritus mas agresivos, principalmente si el negro opta por} 6... Nfd7
7. h4 $5 {
donde se pueden ver excelentes partidas del desaparecido GM Leonid Stein.})
6... b6 {Una idea analoga a lo que se ve en ciertas Indias de Rey.} 7. Bd3 c5
8. d5 (8. Qe2 cxd4 9. Bxd4 Nc6 10. Bxf6 Bxf6 11. e5 {
llevaba a una posicion de doble filo como en Vajda - Reizniece, Mallorca 2004.}
) 8... Na6 9. O-O Rb8 $146 (9... Ng4 10. Bd2 c4 $2 11. Bxc4 b5 12. Nxb5 Qb6+
13. Kh1 Nf2+ 14. Rxf2 Qxf2 15. e5 $36) 10. Nb5 Nb4 $5 11. Nxa7 {
Mahia asume el riesgo pero no parece ser del todo exacto.} 11... Bd7 12. c4
Nxd3 13. Qxd3 Nxe4 $1 {Un golpe de timon que da vuelta por completo la partida.
Las blancas no pueden tomar en e4 so pena de caer en un final perdido.} 14. Bd4
Nf6 (14... cxd4 15. Qxe4 Bf5 16. Qe1 {/\ Nc6.}) 15. Bc3 Qc7 16. Nb5 Bxb5 17.
cxb5 c4 18. Qd4 Qc5 $1 {Asegura a las negras un final con peon de ventaja.} 19.
Qxc5 bxc5 20. a4 Nxd5 21. Bxg7 Kxg7 22. Nd2 c3 23. bxc3 Nxc3 24. Rf3 Ne2+ 25.
Kf2 Nd4 26. Rc3 Rb7 27. Nb3 Nxb3 28. Rxb3 Rfb8 29. Ke3 Kf6 30. Kd3 d5 31. Rc3
Rc8 32. Rb1 Ke6 33. a5 Kd6 34. g4 c4+ 35. Kc2 Rc5 36. Ra3 Rbxb5 37. Rxb5 Rxb5
38. a6 Rb8 39. a7 Ra8 40. Kc3 e6 41. Kd4 Kc6 42. f5 Kb6 43. fxe6 fxe6 44. Re3
Rxa7 45. Rxe6+ Kb5 46. Rd6 Rc7 47. Rxd5+ Kb4 48. Rd8 c3 49. Rb8+ Ka3 50. Ra8+
Kb2 51. Rb8+ Kc1 52. Rf8 c2 53. Kd3 Kb2 {Diagrama # Diagrama #} 0-1

[Event "Final Argentina Superior 2006"]
[Site "?"]
[Date "2006.04.27"]
[Round "2.2"]
[White "Amura, Claudia"]
[Black "Blit, Jacques"]
[Result "1/2-1/2"]
[WhiteElo "2368"]
[BlackElo "2246"]
[Annotator "de Dovitiis Alejo"]
[PlyCount "71"]
[EventDate "2006.??.??"]

1. d4 Nf6 2. c4 g6 3. Nc3 Bg7 4. e4 d6 5. Be2 O-O 6. Bg5 {Claudia plantea la
reconocida variante Averbach donde se demora la salida del caballo rey de las
blancas.} 6... c5 7. d5 e6 8. Nf3 Qa5 {Habria que pensar si} (8... exd5 {
no era mas precisa, debido al orden de movimientos que va a utilizar la GM
argentina a partir de ahora.} 9. exd5 (9. Nxd5 Re8 10. Nd2 Nc6 11. O-O Be6 12.
Bd3 h6 13. Nxf6+ Bxf6 14. Bxh6 Bxb2 15. Rb1 Bd4 $13 {
Oblitas - Munoz Pantoja, Lima 1998.}) 9... Qa5 10. Qd2 Re8) 9. O-O exd5 10.
cxd5 $5 $146 {Una nueva movida que merece suma atencion. Pasa a esquemas de la
defensa Indobenoni con la dama negra no muy felizmente ubicada en a5.} 10...
Bg4 {
Las negras se quieren sacar de encima el alfil mas incomodo de desarrollar.}
11. Nd2 $1 (11. h3 $6 Bxf3 12. Bxf3 Nbd7) 11... Bxe2 12. Qxe2 Qc7 13. Nc4 Qd7
14. a4 Re8 15. Qf3 $1 $16 {
La dama y el caballo negro sufren la presion de las piezas blancas.} 15... Ng4
16. Qh3 Bf8 17. f4 f5 18. Rfe1 Qg7 19. Qd3 Na6 20. Rad1 Nb4 21. Qb1 Nf6 22.
exf5 Rxe1+ 23. Rxe1 Nfxd5 24. Nxd5 Nxd5 25. Rd1 Qf7 26. fxg6 hxg6 27. Qe4 Re8
28. Qxd5 Re1+ 29. Kf2 Rxd1 30. Qxd1 Qxc4 31. Kg3 Kf7 32. h4 d5 33. h5 d4 34.
Qf3 gxh5 35. Qxh5+ Kg8 36. Qg6+ {Diagrama # Diagrama #} 1/2-1/2

[Event "Final Argentina Superior 2006"]
[Site "?"]
[Date "2006.04.27"]
[Round "2.3"]
[White "Felgaer, Ruben"]
[Black "Perelman, Hernan"]
[Result "1-0"]
[WhiteElo "2580"]
[BlackElo "2211"]
[Annotator "de Dovitiis Alejo"]
[PlyCount "87"]
[EventDate "2006.??.??"]

1. e4 c5 2. Nf3 e6 3. d4 cxd4 4. Nxd4 a6 5. Nc3 Qc7 6. g3 {
Felgaer recurre a la variante del fianchetto de la cual es el maximo adepto.}
6... Nf6 7. Bg2 Be7 8. O-O d6 9. a4 Nc6 10. Nb3 {Se ha planteado una siciliana
Scheveningen donde el negro busca el contragolpe en el ala dama y el blanco
suele ir con todo en el sector opuesto.} 10... b6 {
Las negras deben evitar el congelamiento del ala dama por medio de a5.} 11. f4
Bb7 12. Be3 O-O 13. g4 Rfe8 14. g5 Nd7 15. Rf3 g6 {El dispositivo defensivo
con mejor reputacion para repeler el ataque de las blancas.} (15... Nb4 16. Rh3
g6 17. Qd2 Bf8 18. Rf1 Rac8 19. Qf2 Bg7 20. Nd4 f5 {
con juego complejo, lo que surge de la partida Felgaer - Rublevsky, Moscu 2004.
}) 16. Rh3 Bf8 17. Qe1 Nb4 $146 {
Una novedad interesante, pegando al punto debil c2.} 18. Qf2 (18. Qh4 h5 19.
gxh6 Nxc2 20. h7+ Kh8 $13) 18... Rac8 19. Rf1 f5 20. gxf6 Nxf6 21. Qh4 {
Una posicion muy tensa, harto dificultosa de jugar frente a Felgaer pero donde
se sabe que el conductor de las negras tambien es un especialista.} 21... Qg7
22. Rf2 Be7 23. Qg3 Rc4 24. Nd2 Rcc8 25. f5 exf5 26. Bh6 Qf7 27. exf5 Bxg2 28.
Rxg2 d5 29. fxg6 hxg6 30. Qxg6+ Qxg6 31. Rxg6+ Kf7 32. Rg7+ Ke6 33. Re3+ Kd7
34. Nf3 Nc6 35. Bg5 d4 36. Rd3 Ke6 37. Ne2 Bc5 38. Nf4+ Kf5 39. Nh4+ Ke5 40.
Nhg6+ Kf5 41. Nh4+ Ke5 42. Nf3+ Ke4 43. Rf7 Be7 44. Bxf6 {Diagrama # Diagrama #
} 1-0

[Event "Final Argentina Superior 2006"]
[Site "?"]
[Date "2006.04.27"]
[Round "2.4"]
[White "Valerga, Diego"]
[Black "Ricardi, Pablo"]
[Result "1/2-1/2"]
[WhiteElo "2470"]
[BlackElo "2515"]
[Annotator "de Dovitiis Alejo"]
[PlyCount "76"]
[EventDate "2006.??.??"]

1. e4 c5 2. Nf3 Nc6 3. d4 cxd4 4. Nxd4 e5 5. Nb5 a6 6. Nd6+ Bxd6 7. Qxd6 Qf6 8.
Qa3 {Una buena jugada pero se suele preferir:} (8. Qxf6 {
con final superior para el blanco.}) (8. Qd1 {con una posicion complicada
donde el negro debe si o si llegar a d5 para no quedar en una mala situacion.})
8... Nge7 (8... Qg6 9. Be3 Qxe4 10. Nc3 $36) 9. Nc3 Rb8 (9... d6 $2 10. Nb5)
10. Be3 b5 11. Nd5 Nxd5 12. exd5 Ne7 13. O-O-O d6 $146 (13... Bb7 14. f4 Bxd5
15. fxe5 Qxe5 16. Bc5 Qg5+ 17. Rd2 $40 {Nowak - Almer, corr 1999/2003.}) (13...
O-O 14. h4 h6 15. Bd3 Nxd5 16. Bh7+ Kxh7 17. Qxf8 Qe6 $16 {
Dolzhikova - Merlukova, Ucrania 2005.}) 14. h4 h6 15. Be2 Bb7 16. Bf3 O-O 17.
Be4 $14 {Las blancas juegan fortaleciendo el centro pero con intenciones
posteriores de hacer una ofensiva en el flanco rey.} 17... Nf5 18. g4 Nxe3 19.
fxe3 Qe7 20. Qd3 Kh8 21. g5 Bc8 22. Rdf1 Bg4 23. Bf5 Bxf5 24. Qxf5 h5 25. g6
fxg6 26. Qxg6 Rxf1+ 27. Rxf1 Rf8 28. Qxh5+ Kg8 29. Rxf8+ {Diagrama # Diagrama #
} 29... Qxf8 30. Qe2 Qf5 31. a4 Qe4 32. axb5 axb5 33. Qxb5 Qxe3+ 34. Kb1 Qe1+
35. Ka2 e4 36. Qe8+ Kh7 37. Qh5+ Kg8 38. Qe8+ Kh7 1/2-1/2

[Event "Final Argentina Superior 2006"]
[Site "?"]
[Date "2006.04.27"]
[Round "2.5"]
[White "Flores, Diego"]
[Black "Campora, Daniel"]
[Result "1/2-1/2"]
[WhiteElo "2494"]
[BlackElo "2552"]
[Annotator "de Dovitiis Alejo"]
[PlyCount "54"]
[EventDate "2006.??.??"]

1. Nf3 d6 2. d4 Bg4 {Una linea vista ayer por parte de Malbran vs. Peralta.} 3.
c4 Nf6 4. Nc3 Bxf3 (4... g6 5. e4) 5. exf3 {La mejor opcion.} 5... g6 6. Qb3
Qc8 {No hay que debilitar las casillas blancas.} 7. Be3 Bg7 8. Be2 O-O 9. O-O
Nbd7 10. f4 $146 (10. Rfd1 c6 11. d5 Qc7 12. Rac1 Rfe8 13. f4 a6 14. Bf3 Rac8
15. g3 $14 {Salov - Adams, New York 1996.}) 10... c6 11. h3 e6 12. d5 {
La ruptura tematica.} (12. Rad1 $2 d5 {
Y el negro se planta firme sobre las casillas blancas.}) 12... exd5 13. cxd5 c5
14. f5 {En mi criterio, no habia apuro para este movimiento que no deja de ser
normal en esta clase de posiciones.} (14. Rae1 $5) 14... gxf5 15. Qc2 Ne5 16.
Rae1 a6 17. Bg5 Re8 18. f4 Ng6 19. Bd3 Ne7 {Diagrama # Diagrama #} 20. Rxe7
Rxe7 21. Bxf5 Qf8 22. Qf2 Nh5 23. Bxe7 Qxe7 24. Re1 Qd8 25. Kh2 Qf6 26. g4 Qd4
27. Qxd4 cxd4 1/2-1/2

[Event "Final Argentina Superior 2006"]
[Site "?"]
[Date "2006.04.28"]
[Round "3.1"]
[White "Ricardi, Pablo"]
[Black "Flores, Diego"]
[Result "0-1"]
[WhiteElo "2515"]
[BlackElo "2494"]
[Annotator "de Dovitiis Alejo"]
[PlyCount "116"]
[EventDate "2006.??.??"]

1. d4 Nf6 2. c4 e6 3. g3 {Ricardi ofrece a su adversario a pasar a una
apertura Catalana pero esos esquemas no son del agrado del maestro de Junin.}
3... c5 4. Nf3 {Ricardi rehusa la Indobenoni que se hubiera dado con:} (4. d5
exd5 5. cxd5 d6 6. Bg2 g6) 4... cxd4 {
La otra opcion era pasar a una defensa Tarrasch con:} (4... d5) 5. Nxd4 d5 6.
Bg2 e5 7. Nf3 d4 {Un esquema usado por Kasparov en su adolescencia que se
tiene por riesgos pero que ofrece al negro ganar terreno central.} 8. O-O (8.
Nxe5 $2 Qa5+) 8... Nc6 9. e3 Bc5 {Las negras deben fortalecer a su peon dama.}
10. exd4 exd4 11. Re1+ Be6 12. Nbd2 (12. a3 a5 13. Bf4 {
1/2-1/2 Wang Rui-Volzhin,A/Budapest 2000}) (12. Ne5 Qb6 13. Nd3 Be7 14. Nd2 O-O
15. b3 Rfe8 16. a3 a5 17. Bb2 Rad8 18. Rc1 Qc7 19. Nf3 Bg4 20. h3 Bf5 21. Nf4
$14 {Nilssen,J-Brasoy,A/Copenhagen 2004}) 12... O-O 13. Nb3 Bb6 $146 (13... Qb6
14. Ne5 Nxe5 (14... Bb4 15. Bd2 Bxd2 16. Qxd2 Nxe5 17. Rxe5 Bxc4 18. Nc5 Qd6
19. Rae1 Rae8 20. Rxe8 Rxe8 21. Nxb7 Rxe1+ 22. Qxe1 Qe6 $15 {
Kalinichev,K-Malinin,Y/St Petersburg 1998}) 15. Rxe5 Nd7 16. Re1 Bxc4 17. Nxc5
Qxc5 18. Bxb7 Rae8 $132 {Roizen,N-Shumiakina,T/Bucharest 1994.}) (13... Bb4 14.
Bd2 d3 $13 {Diaz,A-Garcia,G/Barranquilla 1999}) 14. c5 $5 Bxb3 15. Qxb3 Bxc5
16. Qxb7 Nb4 17. Qb5 Qb6 (17... Nc2 18. Qxc5 Nxa1 {y el caballo no sale.}) 18.
Qxb6 axb6 19. Rd1 Nc2 20. Rb1 Rxa2 21. Bf4 Rd8 22. Bf1 Nd5 23. Bg5 f6 24. Bc4
Raa8 25. Bd2 {Las blancas ofrecen tablas ante una coyuntura dificultosa.} 25...
Kf8 26. Rbc1 Ndb4 27. h4 Ra7 28. Kg2 Re7 29. Ne1 d3 30. Bxb4 Nxb4 31. Nxd3 Red7
{Diagrama #} 32. Nxc5 Rxd1 33. Ne6+ Ke7 34. Rc3 Nd5 35. Bxd5 R8xd5 36. Nf4 Rc5
37. Rb3 Rd6 38. Ra3 g5 39. Re3+ Kf7 40. hxg5 fxg5 41. Nh5 Rd4 42. Kh3 g4+ 43.
Kh4 Rc1 44. Nf4 Rc2 45. Rb3 Rd6 46. Nd3 Kf6 47. Kxg4 Rd2 48. Nf4 Rxf2 49. Rb5
Rc2 50. Nd5+ Ke6 51. Nxb6 Rcc6 52. Na8 Rd4+ 53. Kh3 Rd8 54. Ra5 Rb8 55. Ra7 Kd6
56. b4 h6 57. g4 Rxb4 58. Rh7 Ke5 0-1